MARC

LEADER 00000nam0a2200000 4500
001 272859
005 20231101234556.0
035 |a (RuTPU)RU\TPU\book\296068 
090 |a 272859 
100 |a 20141022d1987 k y0rusy50 ca 
101 0 |a rus 
102 |a UA 
105 |a a z 001zy 
200 1 |a Электронно-лучевая сварка  |f Академия наук Украинской ССР (АН УССР), Институт электросварки им. Е. О. Патона (ИЭС) ; под ред. Б. Е. Патона 
210 |a Киев  |c Наукова думка  |d 1987 
215 |a 256 с.  |c ил. 
320 |a Библиогр.: с. 240-255 
606 1 |a Сварка электронным лучом  |2 stltpush  |3 (RuTPU)RU\TPU\subj\53949  |9 72113 
610 1 |a электроннолучевая сварка 
610 1 |a физические основы 
610 1 |a технология 
610 1 |a питание 
610 1 |a установки 
610 1 |a автоматическое управление 
610 1 |a источники 
675 |a 621.791.72  |v 3 
702 1 |a Патон  |b Б. Е.  |4 340 
712 0 2 |a Академия наук Украинской ССР (АН УССР)  |b Институт электросварки им. Е. О. Патона (ИЭС)  |c (Киев)  |2 stltpush  |3 (RuTPU)RU\TPU\col\13726 
801 1 |a RU  |b 63413507  |c 20141022 
801 2 |a RU  |b 63413507  |c 20170109  |g RCR 
942 |c BK